Дело о разных сочинениях, присылаемых на имя министра народного просвещения

Доступно только в Электронных читальных залах Найти на картеНа карте
RUSMARC
00003808nmc2a22000003x 450
0015073ec61-adf6-4b2f-a3e5-7d8eaab9bba2
00520180615123415.0
100##$a20160318l18631864k l0rusy0189 ca
1010#$arus
$afre
102##$aRU
2001#$aДело о разных сочинениях, присылаемых на имя министра народного просвещения
$j5 марта 1863 г. - 14 января 1864 г.
251##$cДело
300##$aНа русском и французском языках
801#0$aRU
$bРГИА
$c20160318
$gRCR
801#1$aRU
$bГлавНИВЦ
$c20160318
$2rusmarc
801#2$aRU
$bПБ им. Б.Н. Ельцина
$c20180615
$gRCR
$2rusmarc
850##$aРГИА
852##$aРГИА
$eФедеральное казенное учреждение "Российский государственный исторический архив" (РГИА)
$j20
937##$hРГИА
$d12192062
$aASBIBLIO_SCAN
462#0$1001bddc07d4-03e3-4f2f-a715-f0b0b4a2fdca
$12001
$aДела по ученым учреждениям Департамента народного просвещения за 1863-1895 гг.
$1251
$cОпись
$1852
$j142
461#0$1001a74412a3-3cc5-4d21-8f0a-dfe2fbd9e72d
$12001
$aДепартамент народного просвещения Министерства народного просвещения (1803-1917)
$1251
$cФонд
$1852
$j733
215##$a284 л.
$d36,5х26 см
$cтабл.
371##$aДокумент не является опубликованным и широко распространяемым
105##$aa###
1222#$ad
035##$a5073ec61-adf6-4b2f-a3e5-7d8eaab9bba2
856##$uhttp://readingroom.main.prlib.ru/item.aspx?id_node=n116053582&mode=full
Формат отображения